| 000 | 00282 a2200121 4500 | ||
|---|---|---|---|
| 999 |
_c321842 _d321842 |
||
| 001 | 86769 | ||
| 003 | NUST | ||
| 005 | 20180123120939.0 | ||
| 008 | 180123b xxu||||| |||| 00| 0 eng d | ||
| 082 | _a158.1 BUD | ||
| 100 |
_aBudhiraja G _99614 |
||
| 245 |
_aThe Art of Happy Living _hEnglish |
||
| 260 |
_aIndia _bPustak Mahal _c2010 |
||
| 300 | _a165p. | ||
| 942 |
_aCAE NUSt _cBK _k158.1 BUD _2ddc |
||